000 00861nam a2200265 i 4500
001 bg
100 1 _aZIMNY, Paweł
245 1 0 _aSpice :
_bklucz do elektrotechniki : instrukcja, program, przykłady /
_cPaweł Zimny, Krzysztof Karwowski ; Politechnika Gdańska.
250 _aWyd. 3.
260 _aGdańsk :
_bPG,
_c1998.
300 _a333 s. :
_brys., wykr. ;
_c24 cm.
504 _aBibliogr. s. 332-333.
521 _aSkrypt dla studentów Wydz. Elektrotechniki i Automatyki oraz Elektroniki, Telekomunikacji i Informatyki.
650 9 _aSPICE
655 _aPodręczniki
700 1 _aKARWOWSKI, Krzysztof
710 0 _aPolitechnika Gdańska
020 _a8386537760
040 _cBPK
041 0 _apl
080 _a004.42:004.94+621.3.049.77](075.8)
920 _a83-86537-76-0
942 _cKS
008 s pl f |000 0 pol
999 _c37707
_d37707
856 _uhttp://koha.tu.koszalin.pl/cgi-bin/koha/opac-detail.pl?biblionumber=37707
_yKatalog online BPK